000 01176cam a2200277 4500
001 WB3543-10
008 000000n1999 000 0 eng u
035 _a(Sirsi) u101455
245 4 _aThe road ahead
260 _c1999
490 _aIrish Times
_v3 November 1999, 2:7(3)
520 _aGives an overview of the Irish commercial property market, which is in its sixth year of strong growth. The total return for 1999 will not match the spectacular 38% in 1998, but should be around 25%. Reviews prospects for each sector, and the capital market. Also summarises the state of the UK market. Tables.
590 _aWB
650 _aPROPERTY-COMMERCIAL PROPERTY-COMMERCIAL PROPERTY MARKET
650 _aIRELAND
650 _aREPUBLIC OF IRELAND
650 _aPROPERTY-COMMERCIAL PROPERTY-OFFICE PROPERTY-OFFICE PROPERTY MARKET
650 _aPROPERTY-COMMERCIAL PROPERTY-RETAIL PROPERTY-RETAIL PROPERTY MARKET
650 _aINDUSTRIAL MARKET
650 _aCAPITAL MARKET
650 _aECONOMIC CYCLES
650 _aDEVELOPMENT CYCLES
650 _aINSTITUTIONAL INVESTMENT
690 _aPROPERTY-COMMERCIAL PROPERTY-COMMERCIAL PROPERTY MARKET
942 _n0
999 _c60591
_d60591